| 000 | 00727nam a2200241Ia 4500 | ||
|---|---|---|---|
| 003 | OSt | ||
| 005 | 20220918171409.0 | ||
| 006 | a|||||r|||| 00| 0 | ||
| 007 | ta | ||
| 008 | 220917b |||||||| |||| 00| 0 eng d | ||
| 020 |
_a9781619254992 (hbk) _c6343.14 |
||
| 024 | _a287,021 | ||
| 037 |
_b1664, 22/12/2015, The Book Seller _cTextual |
||
| 040 |
_aARTS _cARTS _beng |
||
| 041 |
_2eng _aeng |
||
| 082 | _aO111,1J64:g, Q4 | ||
| 245 | 0 | _aCritical survey of Shakespeare's sonnets | |
| 260 |
_aMssachusetts _bSalem Press U.S.A _c2014 |
||
| 300 |
_aviii, 345p. _ccm. |
||
| 650 | _aENGLISH LITERATURE | ||
| 942 |
_hO111,1J64:g, Q4 _cTEXL _2CC |
||
| 999 |
_c139398 _d139398 |
||